Väter von Stars - Statistiken

Allgemein
  • Dieses Quiz wurde 62 mal gespielt
    46 seit der letzten Aktualisierung
  • Das Durchschnittsergebnis liegt bei 13 aus 36
Antwortstatistiken
Bildquiz Antwort % Korrekt
König Charles
85%
Uwe Ochsenknecht
83%
Til Schweiger
75%
Will Smith
73%
Boris Becker
70%
Costa Cordalis
68%
Howard Carpendale
58%
James Potter
55%
Roberto Blanco
55%
Jörg Wontorra
50%
Brad Pitt
48%
Kirk Douglas
45%
Willi Herren
45%
Flavio Briatore
43%
Günther Klum
43%
Bernhard Blocksberg
40%
Johnny Depp
40%
Martin Sheen
40%
Robert Geiss
40%
Christiano Ronaldo
30%
Otto Frank
25%
Robert Kardashian
20%
Tom Hanks
20%
Frank Elstner
18%
George H. W. Bush
18%
Sky du Mont
15%
Martin Krug
13%
Prinz Erik
13%
David Bowie
8%
Frank Sinatra
5%
James Brolin
5%
Kurt Cobain
5%
Billy Joel
3%
George DiCaprio
3%
Tom Cruise
3%
Mathew Knowles
0%
Keine übereinstimmenden Quizze gefunden
Verteilung der Resultate
Anzahl Personen mit jedem Resultat
Perzentil nach korrekt beantworteten Fragen
Ihre Resultats-Entwicklung
Sie haben dieses Quiz seit der letzten Aktualisierung nicht gespielt